Datum a čas kvízu
18.5
Celkem bodů
Celkový počet nahraných bodů na tomto kvízu bez doplňovacích otázek.
11.
Pořadí na kvízu
Konečné umístění týmu na tomto kvízu.
Zaznamenané odpovědi
| # | Otázka | Odpověď | Body | Výsledky |
|---|---|---|---|---|
| 1. | Jak se jmenuje první dítě roku... | 1 | ||
| 2. | Obvykle nepřinášíme katastrofi... | 0 | ||
| 3. | K Nejvyššímu soudu nastoupilo... | 0 | ||
| 4. | Zákazníci v jedné evropské zem... | 1 | ||
| 5. | Nepěkný výprask uštědřili hoke... | 0 | ||
| 6. | Věříme tomu, že nemálo z Vás v... | 1 | ||
| 7. | Poznáte podle fotky toto šumav... | 1 | ||
| 8. | Ve kterém městě najdeme toto k... | 1 | ||
| 9. | Ve spolkové zemi Salcbursko se... | 0 | ||
| 10. | Která dvě česká slova jsou nap... | 0 |